| 000 | 01026nas a2200325 4500 | ||
|---|---|---|---|
| 001 | BR0305513 | ||
| 003 | BR-BrBNA | ||
| 005 | 20231205104144.0 | ||
| 007 | ta | ||
| 008 | 230509b bl.|||p| |||| 00| 00por d | ||
| 040 |
_aBR-BrBNA _bpor _cBiblioteca Nacional de Agricultura |
||
| 041 | _a(Pt) | ||
| 072 | _aK10 | ||
| 100 | 1 | _aLima Filho, D. de A. | |
| 100 | 1 | _aRevilla, J. | |
| 100 | 1 | _aCoelho, L. de S. | |
| 100 | 1 | _aRamos, J.F. | |
| 100 | 1 | _aSantos, J.L. dos | |
| 100 | 1 | _aOliveira, J.G. de | |
| 245 | 1 | _aRegeneração natural de três hectares de floresta ombrófila densa de terra firme na região do Rio Urucu-AM, Brasil | |
| 650 | _aFLORESTA TROPICAL ÚMIDA | ||
| 650 | _aCOMPOSIÇÃO BOTÂNICA | ||
| 650 | _aINVENTÁRIO FLORESTAL | ||
| 650 | _aREGENERAÇÃO NATURAL | ||
| 650 | _aTAXONOMIA VEGETAL | ||
| 650 | _aAMAZÔNIA | ||
| 773 | 0 |
_tActa Amazônica (Brazil) _xISSN 0044-5967 _g(Oct-Dec 2002), v. 32(4) p. 555-569 _wBR0305513 |
|
| 909 |
_a202311 _bLúcia _c55 _dLúcia Elande |
||
| 942 |
_2AGRIS _n0 _cANA |
||
| 999 |
_c176662 _d176662 |
||